Fußball - Statistiken

Allgemein
  • Dieses Quiz wurde 8 mal gespielt
  • Das Durchschnittsergebnis liegt bei 2 aus 20
Antwortstatistiken
Antwort % Korrekt
Spanien FC Barcelona
100%
Deutschland Eintracht Frankfurt
29%
Saudi - arabien Al Nassr FC
14%
Argentinien River Plate
14%
Japan Urawa Red Diamonds
14%
Mexiko Club América
0%
Äthiopien Ethiopian Coffee SC
0%
USA Inter Miami CF
0%
Süd Korea Jeonbuk Hyundai Motors
0%
England Manchester United FC
0%
Süd Afrika Orlando Pirates
0%
Frankreich Paris Saint-Germain FC
0%
Uruguay Penarol
0%
Iran Persepolis FC
0%
Marokko Raja CA
0%
Eritrea Red Sea FC
0%
Brasilien Santos FC
0%
China Shanghai Port FC
0%
Tschechien Slavia Prague
0%
Ägypten Zamalek SC
0%
Keine übereinstimmenden Quizze gefunden
Verteilung der Resultate
Anzahl Personen mit jedem Resultat
Perzentil nach korrekt beantworteten Fragen
Ihre Resultats-Entwicklung
Sie haben dieses Quiz noch nicht gespielt